000
00285nam a22001217a 4500
008
171016b xxu||||| |||| 00| 0 eng d
041
_a
eng
080
_a
331.101.262
100
_a
52
101
_a
BNJ
245
_a
FOUNDATIONS OF BEHAVIORAL RESEARCH
_c
KERLINGER,F.N
942
_2
udc
_c
BK
999
_c
34272
_d
34272